Fragile lives : death, dying and care /

Bibliographic Details
Main Author: McNamara, Beverley
Corporate Author: NetLibrary, Inc
Format: eBook
Language:English
Published: Crows Nest, N.S.W. : Allen & Unwin, 2001.
Subjects:
Online Access:Connect to the full text of this electronic book

MARC

Tag First Indicator Second Indicator Subfields
LEADER 00000cam a2200000Ia 4500
001 in00001850321
005 20220105141323.0
006 m d
007 cr cnu---unuuu
008 031105s2001 at sb 001 0 eng d
020 |a 1741150663 (electronic bk.) 
035 |a (OCoLC)ocm53357013 
040 |a N$T  |c N$T  |d UtOrBLW 
043 |a u-at--- 
049 |a IICC 
050 1 4 |a HQ1073  |b .M38 2001eb 
082 0 4 |a 306.9/0994  |2 22 
100 1 |a McNamara, Beverley.  |0 http://id.loc.gov/authorities/names/nb2001017115 
245 1 0 |a Fragile lives :  |b death, dying and care /  |c Beverley McNamara. 
264 1 |a Crows Nest, N.S.W. :  |b Allen & Unwin,  |c 2001. 
300 |a viii, 165 pages 
336 |a text  |b txt  |2 rdacontent 
337 |a computer  |b c  |2 rdamedia 
338 |a online resource  |b cr  |2 rdacarrier 
504 |a Includes bibliographical references (pages 144-158) and index. 
533 |a Electronic reproduction.  |b Boulder, Colo. :  |c NetLibrary,  |d 2003.  |n Available via World Wide Web.  |n Access may be limited to NetLibrary affiliated libraries. 
500 |a Electronic resource. 
650 0 |a Death  |x Social aspects  |z Australia. 
650 0 |a Terminally ill  |z Australia. 
650 0 |a Terminal care.  |0 http://id.loc.gov/authorities/subjects/sh85134007 
655 7 |a Electronic books.  |2 local 
710 2 |a NetLibrary, Inc.  |0 http://id.loc.gov/authorities/names/no99080690 
776 1 |c Original  |z 1864485639  |w (DLC) 2001347910  |w (OCoLC)48122994 
856 4 1 |u https://proxy.library.tamu.edu/login?url=http://www.netLibrary.com/urlapi.asp?action=summary&v=1&bookid=90319  |z Connect to the full text of this electronic book  |t 0 
994 |a 92  |b IIC 
999 |a MARS 
999 f f |s da075994-3375-353b-996d-11d253dddfa7  |i 507a172d-f5f2-3b2c-9ca6-d1b6e3ca5522  |t 0 
952 f f |a Texas A&M University  |b College Station  |c Electronic Resources  |d Available Online  |t 0  |e HQ1073 .M38 2001eb  |h Library of Congress classification 
998 f f |a HQ1073 .M38 2001eb  |t 0  |l Available Online